000
00253nam a2200097Ia 4500
001
679734
005
20250826161101.0
008
250824s9999 xx 000 0 und d
245
0
_a
DİKKAT KIRILACAK EŞYA
_c
SEMİH GÜMÜŞ
260
_b
GÜNIŞIĞI YAYINLARI
999
_c
679734
_d
679734